| 000 | 00570nam a2200169 i 4500 | ||
|---|---|---|---|
| 001 | 107640 | ||
| 003 | ES-MaACL | ||
| 005 | 20230906184448.0 | ||
| 007 | t| | ||
| 008 | 061121s1922 fr r ||||1| fre d | ||
| 100 | 1 |
_aMoschopoulos, Niceforos. _983746 |
|
| 245 | 1 | 0 |
_aLa Turquíe et l'Entente : comment la Porte a repoussé les conseils et les faveurs des paissances de l'Entente / _cNiceforos Moschopoulos. |
| 260 |
_aParís : _bP. Théoor, _c1922. |
||
| 300 |
_a16 p. ; _c23 cm. |
||
| 650 | 0 | 4 |
_aGuerra mundial, 1914-1918- _xPaz. _913225 |
| 852 |
_aES-MaACL _j1633-F-15 |
||
| 999 |
_c107640 _d107640 |
||